000 01481nam a22002657a 4500
005 20170124103151.0
010 _aB-068108
020 _c500.00
_a8187368950
035 _aB-068108
037 _bCen Lib/Ret
040 _aDPL
_bHN
082 _a823.08
_bचिकुर्डे
100 _aचिकुर्डेकर, प्रकाश शंकरराव
_987966
245 _aरामदरश मिश्र के उपन्यासों में समाज-जीवन /
_c प्रकाश शंकरराव चिकुर्डेकर
246 _aRamdarash Mishra ke upanyason me samaj-jeevan /
_bby Prakash Shankarrav Chinkurdekar
260 _aनई दिल्ली
_bनमन प्रकाशन
_c2002
270 _bनई दिल्ली
_a4378/4बी, अंसारी रोड, दरियागंज
_e110002
300 _a320पृ.
_c22सेमी(सजिल्द)
500 _aअनुक्रमाणिका शामिल
650 _aरामदरश मिश्र -- उपन्यासों में आर्थिक संदर्भ
_987967
650 _aरामदरश मिश्र -- व्यक्ति और अभिव्यक्ति
_987968
650 _aRamdarash Mishra - the novels economic context
_987969
650 _aRamdarash Mishra - individual and expression
_987970
942 _2ddc
_cHN
_h823.08
_mचिकुर्डे
999 _c119983
_d119983